top 10 slowest pokemon (fully evolved) - Statistics

General Stats
  • This quiz has been taken 585 times
  • The average score is 3 of 10
Answer Stats
national dex pokemon % Correct
003 venusaur
62%
143 snorlax
58%
011 metapod
38%
079 slowpoke
35%
383 groudon
18%
306 aggron
16%
248 tyranitar
14%
463 lickilicky
11%
009 blastiose
10%
348 armoldo
3%
No matching quizzes found
Score Distribution
Percent of People with Each Score
Percentile by Number Answered
Your Score History
You have not taken this quiz